000 00497nam a2200193Ia 4500
003 GCL
008 140319s9999 xx 000 0 eng d
040 _aGCL /
_cGCL
082 0 4 _a658.8
_bM M
100 1 _aIENAGA, SABURO
245 1 0 _aMARKETING MANAGEMENT /
_cIENAGA, SABURO
700 1 _aDACIE, JOHN
260 _a[S.N] :
_bMACMILLAN PUBLISHING COMPANY ،
_c1993
300 _a417 P
650 0 4 _aMANAGEMENT
650 0 4 _aMARKETING
650 0 4 _aMARKETING - MANAGEMENT
942 _2ddc
_cBK
999 _c17869
_d17869